ARRUPE JESUIT UNIVERSITY

CORONAVIRUS -STOP THE SPREAD - CLEAN,DISINFECT,COVER

First aid Manual (Record no. 124274)

MARC details
000 -LEADER
fixed length control field 00670nam a22001817a 4500
008 - FIXED-LENGTH DATA ELEMENTS--GENERAL INFORMATION
fixed length control field 160301b xxu||||| |||| 00| 0 eng d
050 ## - LIBRARY OF CONGRESS CALL NUMBER
Classification number RC87.S291 1972
100 ## - MAIN ENTRY--PERSONAL NAME
Personal name St. John Anbulance [et al...]
9 (RLIN) 22646
245 ## - TITLE STATEMENT
Title First aid Manual
Statement of responsibility, etc by St. John Ambulance , St Andrew Ambulance Assocoation and the British Red Cross Society
250 ## - EDITION STATEMENT
Edition statement 3rd ed
260 ## - PUBLICATION, DISTRIBUTION, ETC. (IMPRINT)
Place of publication, distribution, etc Great Britain
Name of publisher, distributor, etc St. John Ambulance Association
Date of publication, distribution, etc 1972
300 ## - PHYSICAL DESCRIPTION
Extent 223p. ;
Dimensions 21cm.
650 ## - SUBJECT ADDED ENTRY--TOPICAL TERM
Topical term or geographic name as entry element First aid in illness and injury
9 (RLIN) 22647
650 ## - SUBJECT ADDED ENTRY--TOPICAL TERM
Topical term or geographic name as entry element First aid
9 (RLIN) 22648
710 ## - ADDED ENTRY--CORPORATE NAME
Corporate name or jurisdiction name as entry element St Andrew's Ambulance Association
9 (RLIN) 22861
710 ## - ADDED ENTRY--CORPORATE NAME
Corporate name or jurisdiction name as entry element The British Red Cross Society
9 (RLIN) 22862
942 ## - ADDED ENTRY ELEMENTS (KOHA)
Source of classification or shelving scheme Library of Congress Classification
Item type Monograph ( Printed materials)
Holdings
Withdrawn status Lost status Source of classification or shelving scheme Damaged status Not for loan Collection code Home library Current library Shelving location Date acquired Total Checkouts Full call number Barcode Date last seen Price effective from Koha item type
    Library of Congress Classification     Main Collection ARRUPE LIBRARY ARRUPE LIBRARY Main Collection 01/03/2016   RC87.S291 1972 46500006252 01/03/2016 01/03/2016 Monograph ( Printed materials)

 

Arrupe Library. PO Box MP320 Mt Pleasant, Harare, Zimbabwe
263 242 745411|librarian@aju.ac.zw